书目信息 |
| 题名: |
我的网络我做主
|
|
| 作者: | 申江婴 主编 | |
| 分册: | ||
| 出版信息: | 北京 人民邮电出版社 2006.11 |
|
| 页数: | 359页 | |
| 开本: | 21cm | |
| 丛书名: | “阳光绿色网络工程”系列图书 | |
| 单 册: | ||
| 中图分类: | TP393-49 | |
| 科图分类: | ||
| 主题词: | 计算机网络--ji suan ji wang luo--少年读物 | |
| 电子资源: | ||
| ISBN: | 7-115-15179-2 | |
| 000 | 01157nam 2200277 450 | |
| 001 | 012007358711 | |
| 005 | 20071130154027.43 | |
| 010 | @a7-115-15179-2@dCNY25.00 | |
| 100 | @a20071130d2006 km y0chi0120 ea | |
| 101 | 0 | @achi |
| 102 | @aCN@b110000 | |
| 105 | @aa z 000yy | |
| 106 | @ar | |
| 200 | 1 | @a我的网络我做主@Awo de wang luo wo zuo zhu@e青少年健康上网必读@f申江婴主编@Fshen jiang ying zhu bian |
| 210 | @a北京@c人民邮电出版社@d2006.11 | |
| 215 | @a359页@c图@d21cm | |
| 225 | 0 | @a“阳光绿色网络工程”系列图书@A“yang guang lu se wang luo gong cheng”xi lie tu shu |
| 300 | @a“全国青少年上网导航工程”指定用书 | |
| 330 | @a本书紧扣正确辅导、引导青少年健康上网的主题,分为健康上网篇、网海导航篇、技巧纵横篇和软硬兼施篇四大部分共17个特色的章节,利用大量生动的案例,深入浅出地讲解如何健康、安全、有效地使用互联网。 | |
| 410 | 0 | @12001 @a阳光绿色网络工程系列图书 |
| 517 | 1 | @a青少年健康上网必读@Aqing shao nian jian kang shang wang bi du |
| 606 | 0 | @a计算机网络@Aji suan ji wang luo@j少年读物 |
| 690 | @aTP393-49@v4 | |
| 701 | 0 | @a申江婴@Ashen jiang ying@4主编 |
| 801 | 0 | @aCN@bQSSK@c20071130 |
| 905 | @b268310-12@dTP393-49@eS367@f3 | |
| 我的网络我做主:青少年健康上网必读/申江婴主编.-北京:人民邮电出版社,2006.11 |
| 359页:图;21cm.-(“阳光绿色网络工程”系列图书) |
| “全国青少年上网导航工程”指定用书 |
| ISBN 7-115-15179-2:CNY25.00 |
| 本书紧扣正确辅导、引导青少年健康上网的主题,分为健康上网篇、网海导航篇、技巧纵横篇和软硬兼施篇四大部分共17个特色的章节,利用大量生动的案例,深入浅出地讲解如何健康、安全、有效地使用互联网。 |
| ● |
| 相关链接 |
|
|
|
正题名:我的网络我做主
索取号:TP393-49/S367
 
预约/预借
| 序号 | 登录号 | 条形码 | 馆藏地/架位号 | 状态 | 备注 |
| 1 | 268310 | 202683104 | 自科库301/301自科库 119排2列4层/ [索取号:TP393-49/S367] | 在馆 | |
| 2 | 268311 | 202683113 | 自科库301/301自科库 119排2列4层/ [索取号:TP393-49/S367] | 在馆 | |
| 3 | 268312 | 202683122 | 自科二线404/404自科库 17排6列3层/ [索取号:TP393-49/S367] | 在馆 |